zpět

Detail výsledku týmu

Duncan bar, Kladno

Datum a čas kvízu

26.5 Celkem bodů Celkový počet nahraných bodů na tomto kvízu bez doplňovacích otázek.
1. Pořadí na kvízu Konečné umístění týmu na tomto kvízu.

Zaznamenané odpovědi

# Otázka Odpověď Body Výsledky
1. Ozbrojená policejní eskorta do... 1
2. V Birminghamu se konala výročn... 1
3. Jeden slavný večerníčkový seri... 1
4. Škoda Auto představila nový ko... 0
5. Bývalá světová jednička a drži... 1
6. Nyní se podíváme na komunální... 1
7. Výsledky voleb na pražský magi... 1
8. Dva z kandidátů posledních pre... 1
9. Kolik procent voličů navštívil... 1
10. Napište jméno volebního lídra... 1